000 01038nam a22003137a 4500
001 00002546
003 DO-SdBNP
005 20240516134501.0
007 00002546
008 160603b 2006 sp a | 00| 0 spa d
020 _a9788498380286
040 _aBPMSU
_bspa
_cBPMSU
082 4 _a896.3
_bP337c 2006
_222
100 1 _aPaver, Michelle
_d1960-
245 1 0 _aEl clan de la foca
_bcrónicas de la prehistoria II /
_cMichelle Paver ; traducción, Patricia Amón de Vez ; ilustraciones del interior, Geoff Taylor.
260 _aBarcelona :
_bSalamandra,
_c2006.
300 _a252 p. :
_bil., mapas ;
_c23 cm.
500 _a Público juvenil
500 _aIncluye datosde la autora.
534 _pTítulo oirignal :
_tSpirit walker
590 _aInventariado, 2024/VM
650 4 _aNovela africana.
650 4 _aPreshistoria
_xNovela
650 4 _aViajes
_xNovela
700 1 _aTaylor, Geoff,
_etr.
700 1 _aAntón de Vez, Patricia,
_etr.
910 _aLOPEREZ/ VMateo V. Control de calidad. BPMSU
942 _2ddc
_cBK
999 _c10269
_d10269